000
00231nam a2200085Ia 4500
245
0
_a
Chambers concise dictionary
100
_a
Brookes, Ian Edinburgh, 2004
_9
77535
942
_c
BK
008
210817s9999 xx 000 0 und d
999
_c
265133
_d
265132